000 01105cam a22002897a 4500
001 15831187
005 20251027193221.0
007 co cga||||||||
008 090723s2006 moua b 001 0 eng c
020 _a9780721604466
_qsingle volume
020 _a0721604463
_qsingle volume
020 _a9780721606712
_q 2 volume set
020 _a0721606717
_q 2 volume set
050 0 0 _aRT41
_b.I36 2006
245 0 0 _aMedical-surgical nursing :
_bcritical thinking for collaborative care /
_c[edited by] Donna D. Ignatavicius, M. Linda Workman.
250 _a5th ed.
260 _aSt. Louis, Mo. :
_bElsevier Saunders,
_cc2006.
300 _a2 v. (xlvii, 1912, 87 p.) :
_bill. (some col.) ;
_c29 cm. +
_e1 CD-ROM (4 3/4 in.)
500 _aAccompanying CD-ROM (part # 9996004309) entitled: Student CD-ROM to accompany Medical-surgical nursing : critical thinking for collaborative care.
650 0 _aNursing.
650 0 _aSurgical nursing.
650 2 _aPerioperative Nursing
650 2 _aNursing
700 1 _aIgnatavicius, Donna D.
700 1 _aWorkman, M. Linda.
942 _2lcc
_cBK
_e5th ed.
_n0
999 _c7830
_d7830